Návrh metodiky na meranie spokojnosti zákazníkov : Diplomová práca

Uložené v:
Podrobná bibliografia
Hlavný autor: Matúš, Martin (Autor)
Ďalší autori: Jedlička, Milan, 1947- (xxx)
Médium: Rukopis Kniha
Jazyk:Slovak
Vydavateľské údaje: Trnava : STU v Bratislave MtF KPIM, 2006
Predmet:
Tagy: Pridať tag
Žiadne tagy, Buďte prvý, kto otaguje tento záznam!

MARC

LEADER 00000ntm a22000003a 4500
001 stu121991
005 20160719155437.4
008 060627s2006----xo------------------slo-d
040 |a STU  |b slo 
041 0 |a slo 
044 |a xo 
100 1 |a Matúš, Martin  |4 aut 
245 1 |a Návrh metodiky na meranie spokojnosti zákazníkov :  |b Diplomová práca 
260 |a Trnava :  |b STU v Bratislave MtF KPIM,  |c 2006 
300 |a 65 s  |c 1 CD 
650 7 |a priemyselné inžinierstvo a manažment  |2 stusub 
650 7 |a spokojnosť zákazníkov  |2 stusub 
700 1 |a Jedlička, Milan,  |d 1947-  |4 xxx  |u M190  |U MTF Materiálovotechnologická fakulta  |T MTF Katedra priemyselného inžinierstva a manažmentu  |X 1488  |U M190  |Y 167  |7 A000001488 
996 |b 284M073611  |c M*DP-6162  |l MMSKP  |s P  |a 0  |w stu121991_0001